Vorname als Nachname als Vorname #7 - Statistiken

Allgemein
  • Dieses Quiz wurde 178 mal gespielt
  • Das Durchschnittsergebnis liegt bei 6 aus 14
Antwortstatistiken
Vorname ? Name ? Nachname % Korrekt
Jan Michael Vincent Van Gogh
97%
Juan Carlos Santana
63%
Benny Opoku- Arthur Conan Doyle
50%
Coleman Francis Ford Coppola
50%
Rod Stewart Copeland
49%
John Glenn Close
45%
Ridley Scott Baio
45%
Naomi Campbell Scott
43%
Paul Otto Hahn
38%
Missy Elliott Gould
34%
Topher Grace Kelly
30%
Jennifer Jason Leigh Taylor-Young
19%
George Lucas Till
6%
Robert Gilbert Gottfried
2%
Keine übereinstimmenden Quizze gefunden
Verteilung der Resultate
Anzahl Personen mit jedem Resultat
Perzentil nach korrekt beantworteten Fragen
Ihre Resultats-Entwicklung
Sie haben dieses Quiz noch nicht gespielt